Welcome to the Holygrace Academy Library

Please use search bar below to get started

NANCY DREW - SERIAL SABOTAGE (Record no. 7839)

MARC details
000 -LEADER
fixed length control field 00638nam a22001457a 4500
020 ## - INTERNATIONAL STANDARD BOOK NUMBER
ISBN 978-1-4169-9070-3
082 ## - DEWEY DECIMAL CLASSIFICATION NUMBER
Classification number 823
Item number KEE/N
100 ## - MAIN ENTRY--AUTHOR NAME
Personal name KEENE, CAROLYN
245 ## - TITLE STATEMENT
Title NANCY DREW - SERIAL SABOTAGE
260 ## - PUBLICATION, DISTRIBUTION, ETC. (IMPRINT)
Place of publication NEW YORK
Name of publisher ALADDIN PAPERBACKS
Year of publication 2010
300 ## - PHYSICAL DESCRIPTION
Number of Pages 138
520 ## - SUMMARY, ETC.
Summary, etc When the cash box is stolen from the local carnival, all signs point to Ned as the thief. He couldn't possibly have done this—or could he? But, as with all of Nancy's cases, this goes much deeper than a few missing bucks as she uncovers a plot involving financial mismanagement and finger-pointing.
650 ## - SUBJECT ADDED ENTRY--TOPICAL TERM
Topical Term DETECTIVE
Geographic subdivision UNITED STATES
942 ## - ADDED ENTRY ELEMENTS (KOHA)
Koha item type Books
Holdings
Withdrawn status Lost status Collection code Home library Current library Shelving location Date acquired Source of acquisition Cost, normal purchase price Full call number Accession Number Koha item type
    Fiction Main Library Main Library NEW SHELF WITH NEW ENTRY 20/11/2023 purchase 250.00 823 KEE/N 13466 Books